| 000 | 00360nam a2200133Ia 4500 | ||
|---|---|---|---|
| 008 | 240624s9999 xx 000 0 und d | ||
| 041 | _aeng | ||
| 082 | _a658.421 JAI | ||
| 100 | _aJAIN P C | ||
| 245 | _aHANDBOOK FOR NEW ENTREPRENEURS ENTREPREN | ||
| 260 |
_c2009 _aNew Delhi _bOxford University press |
||
| 300 | _axv, : 331 : p. : cm. ; 24 | ||
| 365 |
_cRS _b30 |
||
| 999 |
_c14597 _d14597 |
||